| 000 | 00839cam a2200205 a 4500 | ||
|---|---|---|---|
| 020 | _a0878150439 | ||
| 040 | _cDLC | ||
| 082 | 0 | 0 | _a025 AIT 1983 C162 Or. |
| 245 | 0 | 0 |
_aAbstracting and indexing services in perspective : _bMiles Conrad memorial lectures, 1969-1983, commemorating the twenty-fifth anniversary of the National Federation of Abstracting and Information Services / |
| 260 |
_aArlington, Va. : _bInformation Resources Press, _c1983. |
||
| 300 |
_axi, 300 p. : _bill. ; _c24 cm. + _e1 index (5 p. ; 22 cm.) |
||
| 500 | _aIndex inserted in pocket. | ||
| 650 | 0 | _aAbstracting and indexing services. | |
| 650 | 0 | _aInformation services. | |
| 700 | 1 | _aNeufeld, M. Lynne. | |
| 700 | 1 | _aCornog, Martha. | |
| 700 | 1 | _aSperr, Inez L. | |
| 710 | 2 | _aNational Federation of Abstracting and Information Services (U.S.) | |
| 942 | _cAEDBB | ||
| 999 |
_c19303 _d19303 |
||